| 000 | 01230pam a2200337 a 4500 | ||
|---|---|---|---|
| 001 | 688857 | ||
| 003 | NUST-PNEC | ||
| 005 | 20170116180735.0 | ||
| 008 | 960318s1996 nyua 001 0 eng | ||
| 010 | _a 96005938 | ||
| 020 | _a0471113530 | ||
| 040 |
_aDLC _cPNEC _dDLC |
||
| 050 | 0 | 0 |
_aQA76.76.C65 _bM35 1996 |
| 082 | 0 | 0 |
_a005.453 MAK _220 |
| 100 | 1 |
_aMak, Ronald, _d1953- |
|
| 245 | 1 | 0 |
_aWriting compilers and interpreters / _cRonald Mak. |
| 250 | _a2nd ed. | ||
| 260 |
_aNew York : _bWiley Computer Publishing, _cc1996. |
||
| 300 |
_axix, 838 p. : _bill. ; _c24 cm. |
||
| 500 | _aIncludes index. | ||
| 650 | 0 |
_aCompilers (Computer programs) _xComputer, MIS |
|
| 650 | 0 | _aInterpreters (Computer programs) | |
| 650 | 0 | _aC++ (Computer program language) | |
| 650 | 0 |
_aIntel 8086 (Microprocessor) _xProgramming. |
|
| 856 | 4 | 2 | _uhttp://www.amazon.com/Writing-Compilers-Interpreters-Ronald-Mak/dp/0471113530/ref=sr_1_1?s=books&ie=UTF8&qid=1416661890&sr=1-1&keywords=0471113530 |
| 856 | 4 | 2 | _3Publisher description |
| 856 | 4 | _3Table of Contents | |
| 906 |
_a7 _bcbc _corignew _d1 _eocip _f19 _gy-gencatlg |
||
| 942 |
_2ddc _cBK |
||
| 999 |
_c61925 _d61925 |
||